Analýza pohľadávok a záväzkov v nadväznosti na daňovú oblasť bakalárska práca

Salvato in:
Dettagli Bibliografici
Autore principale: Katerinčinová, Danica
Ente Autore: Fakulta hospodárskej informatiky EU. Katedra účtovníctva a audítorstva
Altri autori: Šumanová, Radka, 1991-
Natura: Libro
Lingua:slovacco
Pubblicazione: Bratislava 2018
Tags: Aggiungi Tag
Nessun Tag, puoi essere il primo ad aggiungerne!!

MARC

LEADER 00000nbm a2200000 4500
001 0245380
005 20181106083302.7
041 0 |a slo 
044 |a SK 
245 1 0 |a Analýza pohľadávok a záväzkov v nadväznosti na daňovú oblasť  |b bakalárska práca  |c Danica Katerinčinová ; školiteľ: Radka Šumanová 
264 1 |a Bratislava  |c 2018 
300 |a 49 s. 
100 1 |a Katerinčinová, Danica 
700 1 |a Šumanová, Radka, 1991- 
710 2 |a Fakulta hospodárskej informatiky EU. Katedra účtovníctva a audítorstva